000 00780cab a2200217 4500
001 WB2834-29
008 090401t1992 xxu||||| |||| 00| 0 eng d
035 _a(Sirsi) u497
041 _aeng
245 _aLandscapes register planned
260 _c1992
350 _a0
490 _aWestern Morning News
_v1 September 1992, 3(1)
520 _aDevon CC hopes to introduce by 1994 a register of historic landscapes to help set existing monuments and protected archaeological sites in context. Having identified potential sites, the register will act as a tool for their management and conservation.
650 _aHISTORIC LANDSCAPES
650 _aLANDSCAPE CONSERVATION
690 _aCONSERVATION
690 _aPLANNING LAW AND PRACTICE
942 _n0
948 _c04/03/1997
999 _c222
_d222